Печать мяса в космосе; Современные проблемы машиностроения

書誌詳細
Parent link:Современные проблемы машиностроения.— 2024.— С. 227-228
第一著者: Будницкая А. И.
要約:Текстовый файл
言語:ロシア語
出版事項: 2024
主題:
オンライン・アクセス:http://earchive.tpu.ru/handle/11683/85279
フォーマット: 電子媒体 図書の章
KOHA link:https://koha.lib.tpu.ru/cgi-bin/koha/opac-detail.pl?biblionumber=679392

MARC

LEADER 00000naa2a2200000 4500
001 679392
005 20250410160012.0
090 |a 679392 
100 |a 20250328d2024 k||y0rusy50 ca 
101 0 |a rus 
102 |a RU 
135 |a drbn ---uucaa 
200 1 |a Печать мяса в космосе  |f Будницкая А. И. 
320 |a Список литературы: 3 назв 
336 |a Текстовый файл 
463 1 |0 679118  |9 679118  |t Современные проблемы машиностроения  |o сборник статей XVII Международной научно-технической конференции, г. Томск, 25–29 ноября 2024 г.  |f Национальный исследовательский Томский политехнический университет (ТПУ) ; ред. кол. А. И. Сечин, М. С. Кухта, Е. Н. Пашков [и др.]  |c Томск  |n Изд-во ТПУ  |d 2024  |u conference_tpu-2024-C45.pdf  |v С. 227-228 
545 1 |a Современные производственные технологии 
610 1 |a труды учёных ТПУ 
610 1 |a электронный ресурс 
610 1 |a 3D-принтеры 
610 1 |a печать мяса 
610 1 |a космос 
610 1 |a биопринтеры 
610 1 |a магнитные волны 
700 1 |a Будницкая  |b А. И. 
801 0 |a RU  |b 63413507  |c 20250328 
850 |a 63413507 
856 4 |u http://earchive.tpu.ru/handle/11683/85279  |z http://earchive.tpu.ru/handle/11683/85279 
942 |c CF